[Event "POLFINAL MISTRZOSTW POLSKI JUNIOROW 2016 - D15"]
[Site "Centrum Kongresow i Rekreacji Orle Gniazdo ul. Wrzosowa 28a, Szczyrk"]
[Date "1899-12-30"]
[Round "7.4"]
[White "Nalezna, Gabriela"]
[Black "Gredka, Dominika"]
[Result "0-1"]
[WhiteTitle "II+"]
[BlackTitle "I++"]
[WhiteElo "1233"]
[BlackElo "1629"]

1. e4 c5 2. Nf3 d6 3. Bb5+ Nd7 4. Nc3 e6 5. d4 cxd4 6. Qxd4 a6 7. Bxd7+ Qxd7 8.
O-O Nf6 9. Be3 Be7 10. Rfd1 O-O 11. h3 b5 12. e5 dxe5 13. Qxe5 Qb7 14. a3 Bd7
15. Qg3 Kh8 16. h4 Bc6 17. Ne5 Rad8 18. Nxc6 Qxc6 19. Qh3 Rxd1+ 20. Rxd1 Bxa3
21. bxa3 Qxc3 22. Bf4 Qxh3 23. gxh3 Nd5 24. Bg3 Rc8 25. Rc1 Rc3 26. Bd6 Rc4 27.
h5 h6 28. Kg2 Nf6 29. Kf3 Nxh5 30. Be7 Nf4 31. h4 Nd5 32. Bd6 Rxh4 33. Kg3 Rc4
34. Kf3 Kg8 35. Kg3 f5 36. f4 Kf7 37. Kf3 Rc3+ 38. Kf2 g5 39. fxg5 hxg5 40. Ke2
Kf6 41. Kf2 g4 42. Kg2 e5 43. Kf2 Ke6 44. Bf8 f4 45. Kg2 Ne3+ 46. Kg1 Rxc2 47.
Rb1 Kf5 0-1

[Event "POLFINAL MISTRZOSTW POLSKI JUNIOROW 2016 - D15"]
[Site "Centrum Kongresow i Rekreacji Orle Gniazdo ul. Wrzosowa 28a, Szczyrk"]
[Date "1899-12-30"]
[Round "7.5"]
[White "Michalska, Aleksandra"]
[Black "Karlyk, Maria"]
[Result "1/2-1/2"]
[WhiteTitle "I"]
[BlackTitle "I"]
[WhiteElo "1568"]
[BlackElo "1517"]

1. e4 c5 2. c4 Nc6 3. Nc3 d6 4. g3 Nf6 5. Bg2 Nd4 6. d3 e5 7. Nge2 Bg4 8. O-O Nf3+
9. Kh1 Qd7 10. Qb3 Bh3 11. Qb5 Bxg2+ 12. Kxg2 Nd4 13. Nxd4 exd4 14. Qxd7+ Kxd7
15. Ne2 h6 16. Bd2 Re8 17. Rab1 b6 18. Ng1 Be7 19. f4 Bd8 20. Nf3 Bc7 21. h3 Re7
22. Rbe1 Rhe8 23. g4 a6 24. Nh4 g6 25. Kf3 b5 26. b3 bxc4 27. bxc4 Rb8 28. Rb1
Rxb1 29. Rxb1 Kc6 30. Ng2 Re8 31. h4 Nd7 32. Ne1 Rb8 33. Rb3 a5 34. Rxb8 Nxb8
35. f5 Bd8 36. Bxh6 Bxh4 37. Ng2 Bd8 38. Bd2 g5 39. Ne1 f6 40. Kg3 Nd7 41. Kh3
Ne5 1/2-1/2

[Event "POLFINAL MISTRZOSTW POLSKI JUNIOROW 2016 - D15"]
[Site "Centrum Kongresow i Rekreacji Orle Gniazdo ul. Wrzosowa 28a, Szczyrk"]
[Date "1899-12-30"]
[Round "7.6"]
[White "Choinska, Debora"]
[Black "Robakowska, Paulina"]
[Result "1-0"]
[WhiteTitle "I"]
[BlackTitle "I"]
[WhiteElo "1274"]
[BlackElo "1379"]

1. e4 c5 2. Nf3 Nc6 3. d4 cxd4 4. Nxd4 Nf6 5. Nc3 e6 6. Nxc6 bxc6 7. Bd3 Bb4 8.
Bd2 d5 9. O-O dxe4 10. Bxe4 Nxe4 11. Nxe4 Bxd2 12. Qxd2 Qxd2 13. Nxd2 Ba6 14.
Rfd1 Ke7 15. f3 Rhd8 16. Ne4 Rd5 17. Nc3 Rdd8 18. Kf2 Rab8 19. b3 Rxd1 20. Rxd1
Rd8 21. Rxd8 Kxd8 22. Ne4 Ke7 23. Nc5 Bc8 24. b4 e5 25. Ke3 f6 26. Kd3 f5 27.
Kc4 Be6+ 28. Nxe6 Kxe6 29. Kc5 Kd7 30. c4 a6 31. b5 axb5 32. cxb5 cxb5 33. Kxb5
Kd6 34. a4 Kd5 35. a5 e4 36. fxe4+ fxe4 37. a6 e3 38. a7 e2 39. a8=Q+ Kd4 40.
Qa1+ Kd3 41. Qe1 Ke3 42. Kc4 g5 43. Kd5 g4 44. Kc4 h5 45. Kc3 h4 46. Qxh4 g3 47.
Qxg3+ Ke4 48. Qf3+ 1-0

[Event "POLFINAL MISTRZOSTW POLSKI JUNIOROW 2016 - D15"]
[Site "Centrum Kongresow i Rekreacji Orle Gniazdo ul. Wrzosowa 28a, Szczyrk"]
[Date "1899-12-30"]
[Round "7.7"]
[White "Bilczewska, Olga"]
[Black "Wasala, Wiktoria"]
[Result "1-0"]
[WhiteTitle "I"]
[BlackTitle "I"]
[WhiteElo "1625"]
[BlackElo "1370"]

1. e4 d6 2. d4 g6 3. Nf3 Bg7 4. Bc4 Nf6 5. Nc3 O-O 6. O-O Nc6 7. Re1 Bg4 8. Be3
Nd7 9. Be2 Nb6 10. h3 Bxf3 11. Bxf3 Nc4 12. Qd3 Nxe3 13. fxe3 a6 14. a3 e6 15.
Nd1 Ne7 16. Nf2 c5 17. c3 Rc8 18. Qd2 b6 19. Rad1 f5 20. exf5 Nxf5 21. Bb7 Rc7
22. Bxa6 Qh4 23. dxc5 dxc5 24. Qe2 Rcf7 25. Qg4 Qh6 26. Rd3 Be5 27. Ne4 Nxe3 28.
Qxe6 Qf4 29. g3 Qxe4 30. Rdxe3 Qc2 31. R3e2 Qa4 32. Bc4 Bxg3 33. Rf1 b5 34. Rxf7
Qd1+ 35. Rf1+ 1-0

[Event "POLFINAL MISTRZOSTW POLSKI JUNIOROW 2016 - D15"]
[Site "Centrum Kongresow i Rekreacji Orle Gniazdo ul. Wrzosowa 28a, Szczyrk"]
[Date "1899-12-30"]
[Round "7.8"]
[White "Palka, Aleksandra"]
[Black "Hryn, Zofia"]
[Result "0-1"]
[WhiteTitle "II"]
[BlackTitle "I"]
[WhiteElo "1108"]
[BlackElo "1549"]

1. e4 c5 2. c3 d6 3. d4 Nf6 4. Bd3 g6 5. Nf3 Bg7 6. d5 O-O 7. O-O Qc7 8. c4 a6
9. Nc3 Nbd7 10. Bd2 Ng4 11. h3 Nge5 12. Qe2 Nxd3 13. Qxd3 Nb6 14. Rfe1 e6 15.
b3 exd5 16. exd5 Bf5 17. Qe2 Qd7 18. Rac1 Rfe8 19. Qf1 h5 20. Bf4 Qc7 21. Re3
Rxe3 22. Bxe3 Re8 23. Bd2 Nd7 24. Re1 Ne5 25. Nxe5 Rxe5 26. Rxe5 Bxe5 27. f4 Bd4+
28. Kh1 Qa5 29. Qf3 b5 30. cxb5 axb5 31. a4 bxa4 32. bxa4 Bxc3 33. Qxc3 Qxa4 34.
Kh2 Be4 35. Qf6 Qc2 36. Qc3 Qxc3 37. Bxc3 Bxd5 38. g4 hxg4 39. hxg4 Kf8 40. Kg3
Be4 41. Kf2 Ke7 42. Ke3 d5 43. Bb2 f5 44. g5 Ke6 45. Be5 d4+ 46. Bxd4 cxd4+ 47.
Kxd4 Kd6 48. Kc4 Bg2 49. Kc3 Kd5 50. Kd3 Be4+ 51. Ke3 Kc4 52. Ke2 Kd4 53. Kf2
Kd3 54. Kg3 Ke3 55. Kh3 Kxf4 56. Kh4 Bc2 57. Kh3 Kxg5 0-1

[Event "POLFINAL MISTRZOSTW POLSKI JUNIOROW 2016 - D15"]
[Site "Centrum Kongresow i Rekreacji Orle Gniazdo ul. Wrzosowa 28a, Szczyrk"]
[Date "1899-12-30"]
[Round "7.9"]
[White "Mytych, Wiktoria"]
[Black "Surpeta, Julia"]
[Result "0-1"]
[WhiteTitle "I"]
[BlackTitle "I"]
[WhiteElo "1277"]
[BlackElo "1301"]

1. e4 c5 2. c3 d5 3. exd5 Qxd5 4. d4 e5 5. Be3 cxd4 6. cxd4 Nc6 7. Nc3 Bb4 8. a3
Bxc3+ 9. bxc3 Nf6 10. c4 Qa5+ 11. Bd2 Qb6 12. d5 Ng4 13. Nh3 Ne7 14. Bb4 Ng6 15.
c5 Qd8 16. Bb5+ Bd7 17. c6 Nf6 18. cxd7+ Nxd7 19. Qa4 Ngf8 20. Bxf8 Rxf8 21. Bxd7+
Qxd7 22. Qxd7+ Kxd7 23. O-O f5 24. f3 h6 25. Nf2 g5 26. g4 Rae8 27. gxf5 Rxf5
28. Ne4 Rf4 29. d6 g4 30. Rad1 gxf3 31. Nc5+ Kc6 32. d7 Rd8 33. Ne6 Rg4+ 34. Kh1
Rxd7 35. Rc1+ Kd6 36. Nc5 Rc7 37. Nxb7+ Rxb7 38. Rxf3 Rb6 39. Rf7 Ra4 40. Rc3
Rba6 41. Rff3 e4 42. Rfe3 Kd5 43. Kg2 Rf6 44. Re1 Rd4 45. Rce3 Rd2+ 46. Kg1 Rg6+
47. Kh1 Re6 48. Kg1 h5 49. Rh3 Re5 50. Rhe3 h4 51. Rh3 Rg5+ 52. Kh1 Rg4 53. Rhe3
Rd3 54. h3 Rf4 55. Kg2 Kd4 56. Rxd3+ exd3 0-1

[Event "POLFINAL MISTRZOSTW POLSKI JUNIOROW 2016 - D15"]
[Site "Centrum Kongresow i Rekreacji Orle Gniazdo ul. Wrzosowa 28a, Szczyrk"]
[Date "1899-12-30"]
[Round "7.11"]
[White "Jedras, Adrianna"]
[Black "Majdecka, Nikola"]
[Result "1-0"]
[WhiteTitle "I"]
[BlackTitle "III"]
[WhiteElo "1244"]
[BlackElo "1060"]

1. e4 e5 2. Nf3 Nc6 3. d4 exd4 4. Nxd4 Bc5 5. Be3 Qf6 6. c3 Nge7 7. g3 d6 8. Bg2
Bd7 9. O-O O-O 10. Nxc6 Bxc6 11. Bxc5 dxc5 12. Qe2 Ng6 13. f4 Bd7 14. e5 Qb6 15.
c4 Rfe8 16. Qc2 Nf8 17. Nc3 Rab8 18. Nd5 Qh6 19. Nxc7 Red8 20. Rad1 a6 21. Qf2
Ne6 22. Nxe6 Qxe6 23. b3 Rdc8 24. Rd5 b6 25. Rfd1 Rc7 26. Qd2 Be8 27. Rd8 Rxd8
28. Qxd8 Re7 29. Rd6 Qf5 30. Qxe7 h6 31. Qxe8+ Kh7 32. Bf1 Qg4 33. Qxf7 Qd1 34.
Qg6+ Kh8 35. Rxd1 Kg8 36. Rd8# 1-0

[Event "POLFINAL MISTRZOSTW POLSKI JUNIOROW 2016 - D15"]
[Site "Centrum Kongresow i Rekreacji Orle Gniazdo ul. Wrzosowa 28a, Szczyrk"]
[Date "1899-12-30"]
[Round "8.1"]
[White "Krzysztynska, Anna"]
[Black "Lascar, Maria Elena"]
[Result "1-0"]
[WhiteTitle "I"]
[BlackTitle "I+"]
[WhiteElo "1541"]
[BlackElo "1473"]

1. e4 c5 2. c3 d5 3. exd5 Qxd5 4. Nf3 Nf6 5. d4 e6 6. Be3 cxd4 7. cxd4 Nc6 8. Be2
Be7 9. Nc3 Qd8 10. O-O O-O 11. Qd2 a6 12. Rfd1 Nd5 13. Rac1 f5 14. Nxd5 exd5 15.
Bf4 h6 16. Ne5 Bd7 17. Bf3 Be8 18. Qd3 g5 19. Be3 Kg7 20. g3 Na5 21. Qc2 b5 22.
Qc7 Kf6 23. h4 Nc4 24. Qb7 Nb6 25. Nc6 Qd7 26. Qxb6 Bd6 27. Ne5 Qe7 28. Bxd5 Rb8
29. Qxa6 gxh4 30. Nc6 Bxc6 31. Rxc6 Rbd8 32. Bf4 hxg3 33. fxg3 Kg7 34. Rxd6 Rxd6
35. Qxd6 Qe2 36. Qxh6# 1-0

[Event "POLFINAL MISTRZOSTW POLSKI JUNIOROW 2016 - D15"]
[Site "Centrum Kongresow i Rekreacji Orle Gniazdo ul. Wrzosowa 28a, Szczyrk"]
[Date "1899-12-30"]
[Round "8.2"]
[White "Koruch, Maria"]
[Black "Choinska, Debora"]
[Result "1/2-1/2"]
[WhiteTitle "I"]
[BlackTitle "I"]
[WhiteElo "1497"]
[BlackElo "1274"]

1. e4 d6 2. d4 Nf6 3. Nc3 Nbd7 4. Nf3 e5 5. Bc4 Be7 6. a4 b6 7. Bxf7+ Kxf7 8. Ng5+
Kg6 9. Qf3 Nf8 10. h4 h5 11. Qg3 Ng4 12. Nd5 Bxg5 13. Bxg5 Qd7 14. f3 c6 15. Ne7+
Kh7 16. fxg4 Qxg4 17. Qxg4 Bxg4 18. O-O c5 19. dxe5 dxe5 20. Nc6 Nd7 21. Rf7 Be6
22. Re7 Bg4 23. Rf7 Be6 24. Re7 Bg4 25. Rf7 Be6 26. Re7 Bg4 1/2-1/2

[Event "POLFINAL MISTRZOSTW POLSKI JUNIOROW 2016 - D15"]
[Site "Centrum Kongresow i Rekreacji Orle Gniazdo ul. Wrzosowa 28a, Szczyrk"]
[Date "1899-12-30"]
[Round "8.3"]
[White "Trembowiecka-wysota, Aleksandra"]
[Black "Ossolinska, Matylda"]
[Result "1/2-1/2"]
[WhiteTitle "I"]
[BlackTitle "I"]
[WhiteElo "1491"]
[BlackElo "1565"]

1. e4 e5 2. Nf3 Nc6 3. d4 exd4 4. Nxd4 Bc5 5. Nb3 Bb6 6. Qe2 Nge7 7. Nc3 O-O 8.
Be3 d6 9. O-O-O Be6 10. Bxb6 axb6 11. f4 Na5 12. Nd4 Nec6 13. Nxe6 fxe6 14. e5
d5 15. Qg4 Qe7 16. Bd3 Nb4 17. f5 Nxd3+ 18. Rxd3 exf5 19. Nxd5 Qxe5 20. Qg5 Rae8
21. Rhd1 Nc4 22. Rc3 b5 23. b3 c6 24. bxc4 cxd5 25. Qd2 dxc4 26. Qd5+ Re6 27.
Qxe5 Rxe5 28. Rd7 Re1+ 29. Kb2 Re5 30. Rg3 Rf7 31. Rd8+ Rf8 32. Rd7 Rf7 33. Rd8+
Rf8 34. Rd7 Rf7 35. Rd8+ Rf8 1/2-1/2

[Event "POLFINAL MISTRZOSTW POLSKI JUNIOROW 2016 - D15"]
[Site "Centrum Kongresow i Rekreacji Orle Gniazdo ul. Wrzosowa 28a, Szczyrk"]
[Date "1899-12-30"]
[Round "8.4"]
[White "Gredka, Dominika"]
[Black "Karlyk, Maria"]
[Result "1-0"]
[WhiteTitle "I++"]
[BlackTitle "I"]
[WhiteElo "1629"]
[BlackElo "1517"]

1. e4 c5 2. Nf3 d6 3. d4 cxd4 4. Nxd4 Nf6 5. Nc3 Nc6 6. Bg5 a6 7. f4 Qb6 8. Nb3
Qe3+ 9. Qe2 Qxe2+ 10. Bxe2 Be6 11. O-O Bxb3 12. cxb3 e6 13. f5 Be7 14. Be3 Ne5
15. h3 h5 16. g3 b5 17. a3 Rc8 18. Rac1 O-O 19. Kg2 g6 20. Bh6 Rfe8 21. Bf4 exf5
22. exf5 Kg7 23. fxg6 fxg6 24. Rcd1 Red8 25. Rd2 Nf7 26. Rfd1 Ne5 27. Nd5 Nxd5
28. Rxd5 Rc2 29. R1d2 Rxd2 30. Rxd2 Rc8 31. Kf2 Kf6 32. Bf1 g5 33. Be3 Kf5 34.
Bg2 a5 35. Bb7 Rb8 36. Bg2 Rc8 37. Bd5 Bf8 38. Kg2 Be7 39. Rf2+ Kg6 40. Be4+ Kg7
41. Bd4 Bf6 42. Bd5 Rf8 43. Rc2 Nf7 44. Bxf6+ Kxf6 45. Rf2+ Kg7 46. Rf5 Kg6 47.
Be4 Re8 48. Re5+ 1-0

[Event "POLFINAL MISTRZOSTW POLSKI JUNIOROW 2016 - D15"]
[Site "Centrum Kongresow i Rekreacji Orle Gniazdo ul. Wrzosowa 28a, Szczyrk"]
[Date "1899-12-30"]
[Round "8.5"]
[White "Michalska, Aleksandra"]
[Black "Bilczewska, Olga"]
[Result "1/2-1/2"]
[WhiteTitle "I"]
[BlackTitle "I"]
[WhiteElo "1568"]
[BlackElo "1625"]

1. e4 c6 2. d4 d5 3. exd5 cxd5 4. Bd3 Nc6 5. Ne2 Nf6 6. O-O Bg4 7. f3 Bh5 8. c3
Bg6 9. Na3 e6 10. Nc2 Bxd3 11. Qxd3 Qc7 12. Bf4 Bd6 13. Bxd6 Qxd6 14. Qe3 O-O
15. Ng3 Rac8 16. Qd2 a6 17. Ne3 Qf4 18. Rfd1 Ne7 19. Nef1 Qxd2 20. Nxd2 g6 21.
Nb3 b6 22. Re1 Rc7 23. Ne2 Nf5 24. Nf4 Nd7 25. Nd3 Nd6 26. Nd2 Rfc8 27. Kf2 Kg7
28. Rad1 Nf5 29. Rb1 Nd6 30. Rbd1 Nf5 31. Rb1 Nd6 32. Rbd1 1/2-1/2

[Event "POLFINAL MISTRZOSTW POLSKI JUNIOROW 2016 - D15"]
[Site "Centrum Kongresow i Rekreacji Orle Gniazdo ul. Wrzosowa 28a, Szczyrk"]
[Date "1899-12-30"]
[Round "8.6"]
[White "Hryn, Zofia"]
[Black "Kubiak, Aleksandra"]
[Result "1-0"]
[WhiteTitle "I"]
[BlackTitle "II"]
[WhiteElo "1549"]
[BlackElo "1167"]

1. e4 a6 2. d4 b5 3. a4 b4 4. Nf3 Bb7 5. Bd3 Nf6 6. e5 Nd5 7. Ng5 h6 8. Qh5 hxg5
9. Qxh8 e6 10. Qh5 Nf4 11. Bxf4 gxf4 12. Qg4 Nc6 13. Qxf4 Ne7 14. O-O Nd5 15.
Qg4 d6 16. Nd2 dxe5 17. dxe5 Qd7 18. Qg5 g6 19. Nc4 a5 20. Rfd1 Qe7 21. Qg3 Bg7
22. h4 Bh6 23. Qg4 Nf4 24. g3 Nd5 25. Bxg6 Qf8 26. Bd3 Qc5 27. Be2 O-O-O 28. Qd4
Qxd4 29. Rxd4 Rg8 30. Rg4 Rd8 31. Nxa5 Ba8 32. Bb5 Nb6 33. Nc6 Bxc6 34. Bxc6 Nd5
35. Rd1 Ne7 36. Bb7+ 1-0

[Event "POLFINAL MISTRZOSTW POLSKI JUNIOROW 2016 - D15"]
[Site "Centrum Kongresow i Rekreacji Orle Gniazdo ul. Wrzosowa 28a, Szczyrk"]
[Date "1899-12-30"]
[Round "8.7"]
[White "Surpeta, Julia"]
[Black "Robakowska, Paulina"]
[Result "1-0"]
[WhiteTitle "I"]
[BlackTitle "I"]
[WhiteElo "1301"]
[BlackElo "1379"]

1. d4 Nf6 2. Nc3 d5 3. Bg5 Bf5 4. Bxf6 gxf6 5. e3 e6 6. Bd3 Bg6 7. Nge2 c6 8. Bxg6
hxg6 9. Qd3 f5 10. O-O-O Bg7 11. f3 Qg5 12. Nf4 Nd7 13. g3 O-O-O 14. Kb1 Qe7 15.
e4 fxe4 16. fxe4 dxe4 17. Nxe4 Qb4 18. c3 Qe7 19. Qe2 Nb6 20. Nc5 Rhe8 21. Rhe1
Bh6 22. Nfd3 Bg7 23. Qg2 Nd7 24. Re2 Nxc5 25. Nxc5 Qc7 26. Nb3 Re7 27. c4 Qd6
28. Red2 Qb4 29. d5 exd5 30. cxd5 cxd5 31. Rxd5 Rxd5 32. Qxd5 Qe4+ 33. Qxe4 Rxe4
34. Rf1 f5 35. Nc5 Re2 36. b3 Rxh2 37. a4 Rg2 38. Rf3 Re2 39. Nd3 Rb2+ 40. Nxb2
Bxb2 41. Kxb2 Kd7 42. Re3 Kd6 43. Kc3 g5 44. Kd4 a6 45. b4 b5 46. axb5 axb5 47.
Re5 f4 48. gxf4 gxf4 49. Rf5 1-0

[Event "POLFINAL MISTRZOSTW POLSKI JUNIOROW 2016 - D15"]
[Site "Centrum Kongresow i Rekreacji Orle Gniazdo ul. Wrzosowa 28a, Szczyrk"]
[Date "1899-12-30"]
[Round "8.8"]
[White "Nalezna, Gabriela"]
[Black "Jedras, Adrianna"]
[Result "1/2-1/2"]
[WhiteTitle "II+"]
[BlackTitle "I"]
[WhiteElo "1233"]
[BlackElo "1244"]

1. e4 e5 2. Nf3 Nc6 3. d4 exd4 4. Nxd4 Bc5 5. Be3 Qf6 6. c3 Nge7 7. Be2 O-O 8.
O-O Bb6 9. Na3 a6 10. Nac2 d6 11. Nxc6 bxc6 12. Bxb6 cxb6 13. Qd2 Qg6 14. Bd3
c5 15. e5 Bf5 16. Bxf5 Nxf5 17. exd6 Nxd6 18. Ne3 Rfd8 19. Qe2 Re8 20. Qf3 Ne4
21. Rfd1 Rad8 22. Nc4 Qe6 23. Ne3 Qg6 24. Rxd8 Rxd8 25. Rd1 Rxd1+ 26. Qxd1 h6
27. h3 Qf6 28. Qe2 Qe6 29. Qxa6 Qg6 30. Nd5 Qe6 31. Nxb6 Nd2 32. Qc8+ Qxc8 33.
Nxc8 Nc4 34. b4 cxb4 35. cxb4 Na3 36. Kf1 Kf8 37. Ke2 Ke8 38. Kd3 Kd7 39. Na7
Kc7 40. Kc3 Nb1+ 41. Kd4 Kb6 42. Nc8+ Kb5 43. Nd6+ Kxb4 44. Nxf7 Ka3 45. Ke5 Kxa2
46. Kf5 Kb3 47. f4 Nc3 48. g4 Nd5 49. Nxh6 gxh6 50. g5 Ne7+ 51. Kg4 hxg5 52. Kxg5
Kc4 53. f5 Kd5 54. h4 Ke5 55. f6 Ke6 56. h5 Ng8 57. Kg6 Nxf6 58. h6 Ke7 59. h7
Nxh7 60. Kxh7 1/2-1/2

[Event "POLFINAL MISTRZOSTW POLSKI JUNIOROW 2016 - D15"]
[Site "Centrum Kongresow i Rekreacji Orle Gniazdo ul. Wrzosowa 28a, Szczyrk"]
[Date "1899-12-30"]
[Round "8.9"]
[White "Wasala, Wiktoria"]
[Black "Mytych, Wiktoria"]
[Result "1-0"]
[WhiteTitle "I"]
[BlackTitle "I"]
[WhiteElo "1370"]
[BlackElo "1277"]

1. e4 c6 2. d4 d5 3. exd5 cxd5 4. c4 Nf6 5. Nc3 h6 6. h3 e6 7. Nf3 Bb4 8. Qa4+
Nc6 9. Ne5 Bxc3+ 10. bxc3 Bd7 11. Nxd7 Nxd7 12. c5 a6 13. Bd3 O-O 14. O-O Qh4
15. Qc2 e5 16. Bh7+ Kh8 17. Bf5 Qd8 18. Be3 Re8 19. Rab1 Ra7 20. Rfe1 e4 21. Bg4
Nf6 22. Be2 Na5 23. Qa4 Nc6 24. Bf4 g5 25. Be3 Kg7 26. Qd1 Kg6 27. f4 Ne7 28.
fxg5 hxg5 29. Qc1 Nh7 30. Rb6+ Kg7 31. Bxg5 f6 32. Bxf6+ Nxf6 33. Qg5+ Ng6 34.
Bh5 Nxh5 35. Qxg6+ Kf8 36. Qxh5 Qe7 37. Rf1+ Kg8 38. Qxd5+ Kh8 39. Qh5+ Kg8 40.
Rg6+ 1-0

[Event "POLFINAL MISTRZOSTW POLSKI JUNIOROW 2016 - D15"]
[Site "Centrum Kongresow i Rekreacji Orle Gniazdo ul. Wrzosowa 28a, Szczyrk"]
[Date "1899-12-30"]
[Round "8.10"]
[White "Lewicka, Natalia"]
[Black "Palka, Aleksandra"]
[Result "1-0"]
[WhiteTitle "II"]
[BlackTitle "II"]
[WhiteElo "1240"]
[BlackElo "1108"]

1. e4 c6 2. d4 d5 3. e5 Bf5 4. Nf3 e6 5. Bd3 Bxd3 6. Qxd3 Ne7 7. O-O Ng6 8. Nc3
Qc7 9. Ne2 Nd7 10. Nf4 c5 11. c3 c4 12. Qc2 Nxf4 13. Bxf4 Be7 14. Bg3 Qd8 15.
h3 Rc8 16. b4 b5 17. a4 a6 18. Ra2 O-O 19. Rfa1 Re8 20. Bf4 Nf8 21. Qd2 Ng6 22.
Bg5 Bxg5 23. Qxg5 Qxg5 24. Nxg5 h6 25. Nf3 Rb8 26. g3 Ne7 27. axb5 axb5 28. Ra7
g5 29. Rc7 Nc8 30. Ra5 Re7 31. Rxe7 Nxe7 32. g4 Ng6 33. Ne1 Nf4 34. Kf1 Kg7 35.
Nc2 Nd3 36. Na3 f6 37. exf6+ Kxf6 38. Rxb5 Rf8 39. Rb6 Ke7 40. Rb7+ Kd6 41. Rb6+
Kd7 42. Ra6 Rxf2+ 43. Kg1 Ra2 44. Ra7+ Kc6 45. b5+ Kb6 46. Ra6+ Kb7 47. Nxc4 Rxa6
48. bxa6+ Kxa6 49. Nd6 Nf4 50. Kf2 h5 51. gxh5 Nxh5 52. Nf7 g4 53. Ne5 Nf6 54.
Kg3 Kb5 55. Nxg4 Nxg4 56. Kxg4 Kc4 57. h4 Kxc3 58. h5 Kxd4 59. h6 e5 60. h7 e4
61. h8=Q+ Kd3 62. Qe5 d4 63. Kf4 e3 64. Qb5+ Kd2 65. Qb2+ Kd3 66. Kf3 Kc4 67.
Ke4 d3 68. Kxe3 d2 69. Qxd2 1-0

[Event "POLFINAL MISTRZOSTW POLSKI JUNIOROW 2016 - D15"]
[Site "Centrum Kongresow i Rekreacji Orle Gniazdo ul. Wrzosowa 28a, Szczyrk"]
[Date "1899-12-30"]
[Round "9.1"]
[White "Choinska, Debora"]
[Black "Krzysztynska, Anna"]
[Result "1-0"]
[WhiteTitle "I"]
[BlackTitle "I"]
[WhiteElo "1274"]
[BlackElo "1541"]

1. e4 e5 2. Nf3 Nc6 3. Bc4 Bc5 4. d3 Nf6 5. c3 O-O 6. O-O d6 7. Nbd2 Be6 8. Bb3
Re8 9. h3 h6 10. Re1 Ne7 11. Nf1 Ng6 12. Ng3 Kh8 13. Bd2 Bb6 14. Qc1 Qe7 15. Qc2
Qd7 16. Be3 c6 17. Rad1 d5 18. d4 dxe4 19. dxe5 Bxb3 20. axb3 Qc7 21. Bxb6 axb6
22. exf6 exf3 23. fxg7+ Kxg7 24. Nh5+ Kh8 25. Qd2 Rxe1+ 26. Rxe1 Kh7 27. Nf6+
Kg7 28. Ne8+ Rxe8 29. Rxe8 fxg2 30. Qd4+ f6 31. Rd8 Ne5 32. Qd6 Qf7 33. Rc8 Nf3+
34. Kxg2 Nh4+ 35. Kf1 Qh5 36. Qf8+ Kg6 37. Qe8+ Kg5 38. Qxh5+ Kxh5 39. Rc7 Nf3
40. Rxb7 b5 41. Ke2 Ng1+ 42. Kf1 Nxh3 43. Rb6 Nf4 44. Rxc6 Kg6 45. Rc5 b4 46.
c4 h5 47. Rb5 Nd3 48. c5 Ne5 49. Rxb4 Kf7 50. Rd4 Ke6 51. b4 Ke7 52. b5 f5 53.
c6 Nf3 54. Rd7+ Ke8 55. Rd1 Ne5 56. c7 1-0

[Event "POLFINAL MISTRZOSTW POLSKI JUNIOROW 2016 - D15"]
[Site "Centrum Kongresow i Rekreacji Orle Gniazdo ul. Wrzosowa 28a, Szczyrk"]
[Date "1899-12-30"]
[Round "9.2"]
[White "Koruch, Maria"]
[Black "Gredka, Dominika"]
[Result "1/2-1/2"]
[WhiteTitle "I"]
[BlackTitle "I++"]
[WhiteElo "1497"]
[BlackElo "1629"]

1. e4 e5 2. Nf3 d5 3. d4 dxe4 4. Nxe5 Be6 5. Bc4 Bxc4 6. Nxc4 Nf6 7. Nc3 Be7 8.
O-O O-O 9. Re1 Nc6 10. d5 Nb4 11. Bg5 Nfxd5 12. Nxd5 Nxd5 13. Bxe7 Nxe7 14. Rxe4
Ng6 15. Qxd8 Raxd8 16. Rae1 h6 17. g3 Kh7 18. h4 f5 19. Re6 Rd4 20. Ne5 Nxe5 21.
R6xe5 f4 22. R5e4 fxg3 23. fxg3 Rxe4 24. Rxe4 Rf7 25. Rf4 Rd7 26. Kg2 Rd2+ 27.
Rf2 Rd7 28. Rf4 Rd2+ 29. Rf2 Rd7 30. Rf4 1/2-1/2

[Event "POLFINAL MISTRZOSTW POLSKI JUNIOROW 2016 - D15"]
[Site "Centrum Kongresow i Rekreacji Orle Gniazdo ul. Wrzosowa 28a, Szczyrk"]
[Date "1899-12-30"]
[Round "9.3"]
[White "Ossolinska, Matylda"]
[Black "Hryn, Zofia"]
[Result "1/2-1/2"]
[WhiteTitle "I"]
[BlackTitle "I"]
[WhiteElo "1565"]
[BlackElo "1549"]

1. d4 d5 2. c4 e6 3. Nc3 Nf6 4. Nf3 Nbd7 5. e3 Be7 6. Qc2 b6 7. cxd5 exd5 8. Bb5
O-O 9. Bc6 Rb8 10. Nxd5 Nxd5 11. Bxd5 Nf6 12. Bc4 Bb7 13. Be2 Be4 14. Qa4 Qd6
15. h3 Bc6 16. Qc2 Be4 17. Qa4 Bc6 18. Qc2 Be4 19. Qa4 Bc6 1/2-1/2

[Event "POLFINAL MISTRZOSTW POLSKI JUNIOROW 2016 - D15"]
[Site "Centrum Kongresow i Rekreacji Orle Gniazdo ul. Wrzosowa 28a, Szczyrk"]
[Date "1899-12-30"]
[Round "9.4"]
[White "Lascar, Maria Elena"]
[Black "Trembowiecka-wysota, Aleksandra"]
[Result "1-0"]
[WhiteTitle "I+"]
[BlackTitle "I"]
[WhiteElo "1473"]
[BlackElo "1491"]

1. e4 c5 2. Nf3 d6 3. d4 cxd4 4. Nxd4 Nf6 5. Nc3 a6 6. g3 e5 7. Nb3 Be6 8. Bg2
Be7 9. O-O O-O 10. h3 Qd7 11. Kh2 b5 12. Be3 b4 13. Nd5 Nxd5 14. exd5 Bf5 15.
Qd2 a5 16. c4 bxc3 17. bxc3 a4 18. Nc1 Na6 19. Nd3 Bxd3 20. Qxd3 f5 21. f4 e4
22. Qd2 Bf6 23. Rab1 Rab8 24. Qe2 Nc7 25. c4 Na6 26. Rb6 Rxb6 27. Bxb6 Rb8 28.
Qf2 Nb4 29. Rb1 Nd3 30. Qd2 Bd4 31. Qa5 Qb7 32. Bxd4 Qxb1 33. Qc7 Qb7 34. Qxd6
Re8 35. c5 e3 36. Bxe3 Rxe3 37. Qd8+ Kf7 38. c6 Qb2 39. Qd7+ Kg6 40. c7 Ne1 41.
Qc6+ Kh5 42. d6 Nxg2 43. Qb5 Qc2 44. Qxf5+ Qxf5 45. g4+ Kh4 46. gxf5 Nxf4 47.
c8=Q Re2+ 48. Kg1 Nxh3+ 49. Kf1 Rf2+ 50. Ke1 Kg3 51. d7 Rxa2 52. Qc3+ Kg2 53.
d8=Q Rf2 54. Qd5+ Kh2 55. Qce5+ Rf4 56. Qd2+ Kg3 57. Qexf4+ Nxf4 58. Qe3+ Kg4
59. Kf2 Kxf5 60. Kf3 Ne6 61. Qe4+ Kf6 62. Qxa4 g6 63. Qc6 Kf5 64. Qd5+ Kf6 65.
Kg4 h6 66. Qd6 h5+ 67. Kh4 Kf5 68. Qe7 g5+ 69. Kxh5 Nf4+ 70. Kh6 Ne6 71. Qf7+
Ke5 72. Kg6 Kd6 73. Kf5 Nc5 74. Qf6+ Kd5 75. Qe5+ Kc4 76. Kxg5 Nd3 77. Qe2 Kd4
78. Kf5 Nc5 79. Qd2+ Nd3 80. Kg4 Ke4 81. Qe2+ Kd4 82. Kf5 Nc5 83. Qe8 Kd3 84.
Kf4 Kc4 85. Ke3 Kd5 86. Qe7 Ne6 87. Qe8 Nc7 88. Qd7+ Ke5 89. Qxc7+ Ke6 90. Qc5
Kf7 91. Qd6 Kg8 92. Qe7 Kh8 93. Kf4 Kg8 94. Kg5 Kh8 95. Kg6 Kg8 96. Qg7# 1-0

[Event "POLFINAL MISTRZOSTW POLSKI JUNIOROW 2016 - D15"]
[Site "Centrum Kongresow i Rekreacji Orle Gniazdo ul. Wrzosowa 28a, Szczyrk"]
[Date "1899-12-30"]
[Round "9.5"]
[White "Surpeta, Julia"]
[Black "Michalska, Aleksandra"]
[Result "0-1"]
[WhiteTitle "I"]
[BlackTitle "I"]
[WhiteElo "1301"]
[BlackElo "1568"]

1. d4 d5 2. Nc3 Nf6 3. Bg5 Bf5 4. Bxf6 exf6 5. e3 Bb4 6. Qd2 c6 7. Bd3 Be6 8. Nge2
Nd7 9. O-O-O b5 10. Kb1 a5 11. f4 Nb6 12. f5 Bd7 13. b3 a4 14. e4 axb3 15. cxb3
Qe7 16. Rhe1 O-O 17. Nf4 dxe4 18. Bxe4 Qd6 19. g3 Rfe8 20. Bc2 Rxe1 21. Rxe1 c5
22. d5 c4 23. Re2 cxb3 24. axb3 Qc7 25. Kb2 Qa7 26. Bb1 Qa3+ 27. Kc2 Bxf5+ 28.
Nd3 Rc8 29. Kd1 Bg4 30. Nxb4 Qxb4 31. Qd3 Bxe2+ 32. Nxe2 g6 33. Nf4 Rc3 34. Qe2
Kg7 35. Bc2 Qd4+ 36. Kc1 Nxd5 37. Kb1 Rxb3+ 38. Kc1 Qb2+ 39. Kd2 Rc3 40. Ke1 Rxc2
41. Qd3 Rc1+ 42. Qd1 0-1

[Event "POLFINAL MISTRZOSTW POLSKI JUNIOROW 2016 - D15"]
[Site "Centrum Kongresow i Rekreacji Orle Gniazdo ul. Wrzosowa 28a, Szczyrk"]
[Date "1899-12-30"]
[Round "9.6"]
[White "Karlyk, Maria"]
[Black "Bilczewska, Olga"]
[Result "1/2-1/2"]
[WhiteTitle "I"]
[BlackTitle "I"]
[WhiteElo "1517"]
[BlackElo "1625"]

1. e4 c5 2. Nf3 Nc6 3. d4 cxd4 4. Nxd4 Nf6 5. Nc3 e5 6. Nxc6 bxc6 7. Bd3 Bc5 8.
O-O O-O 9. Qf3 d6 10. Bg5 h6 11. Bxf6 Qxf6 12. Qxf6 gxf6 13. Na4 Bb4 14. c3 Ba5
15. b4 Bc7 16. c4 Be6 17. c5 Rfd8 18. Ba6 Rab8 19. cxd6 Bxd6 20. a3 Bb3 21. Nb2
c5 22. bxc5 Bxc5 23. Nd3 Bb6 24. Nb4 Rd6 25. Rab1 Ba4 26. Rbc1 Kg7 27. Nd5 Bxf2+
28. Rxf2 Rxa6 29. Ne7 Bd7 30. Rcf1 Rxa3 31. Rxf6 Be6 32. Nc6 Rb2 33. Nxe5 Raa2
34. R6f2 Rxf2 35. Rxf2 Ra1+ 36. Rf1 Rxf1+ 37. Kxf1 a5 38. Nc6 a4 39. Nd4 Kf6 40.
Ke2 Ke5 41. Ke3 Ba2 42. Nb5 Bb3 43. Na3 1/2-1/2